000 00432nam a22001577a 4500
003 OSt
005 20251031111020.0
008 251031b |||||||| |||| 00| 0 eng d
022 _a0040-5639
100 _aPaul Rorem
245 _aMCGINN, BERNARD:
_bMysticism in the Reformation (1500-1650)
260 _aUSA,
_bSages Publications;
_c2018
300 _aP.217-219
440 _aTheological Studies
_nNo.1
_vVol.79
942 _2lcc
_cART
999 _c205018
_d204978